Matematika vybrané kapitoly z matematiky 1

Salvato in:
Dettagli Bibliografici
Autore principale: Huťka, Vladimír
Ente Autore: Vysoká škola ekonomická v Bratislave. Fakulta riadenia
Altri autori: Peller, František
Natura: Libro
Lingua:slovacco
Pubblicazione: Bratislava VŠE 1982
Tags: Aggiungi Tag
Nessun Tag, puoi essere il primo ad aggiungerne!!

MARC

LEADER 00000nam a2200000 4500
001 c129636
005 20230116104628.7
041 0 |a slo 
044 |a SK 
245 1 0 |a Matematika  |b vybrané kapitoly z matematiky 1  |c Vladimír Huťka, František Peller 
264 1 |a Bratislava  |b VŠE  |c 1982 
300 |a 229 s. 
100 1 |a Huťka, Vladimír 
700 1 |a Peller, František 
710 2 |a Vysoká škola ekonomická v Bratislave. Fakulta riadenia